| 000 | 00627nam a2200217 u 4500 | ||
|---|---|---|---|
| 005 | 20220916063623.0 | ||
| 008 | 150511s2006 ea r 000 0 spa d | ||
| 020 | _a1403486182 | ||
| 035 | _aUPN01000203350 | ||
| 049 | _aI | ||
| 050 | 4 |
_aQL942 _bM3.6 |
|
| 100 | 1 |
_aMayer, Cassie _932877 |
|
| 245 | 1 | 0 |
_aPelaje / _cCassie Mayer. |
| 260 |
_aChicago, E.U.A. : _bHeinemann Library, _cc2006. |
||
| 300 |
_a24 p. : _bil. col. |
||
| 440 | 0 |
_aRecubrimientos del cuerpo. _pBellota |
|
| 650 | 4 |
_aPELAJE - _vLITERATURA INFANTIL _924147 |
|
| 650 | 7 |
_aLibros ilustrados para niƱos _2 _921365 |
|
| 905 | _aInfantil | ||
| 999 |
_c175451 _d175451 |
||